[Event "Douglas Major & Minor op"]
[Site "Douglas"]
[Date "2023.10.31"]
[Round "4"]
[White "Slade, Robin"]
[Black "Dyshliuk, Fedir"]
[Result "1-0"]
[WhiteElo "1960"]
[BlackElo "1393"]
[PlyCount "97"]
[EventDate "2023.10.28"]
[EventType "swiss"]
[EventRounds "7"]
[EventCountry "IOM"]
[SourceTitle "CB46_2023"]
[SourceDate "2023.11.15"]
[SourceVersion "1"]
[SourceVersionDate "2023.11.15"]
[SourceQuality "1"]

1. e4 c6 2. d4 d5 3. f3 Qb6 4. Nc3 dxe4 5. fxe4 e5 6. dxe5 Be6 7. Nf3 Bc5 8. Bd3 Nd7 9. Na4 Qc7 10. Nxc5 Nxc5 11. 0-0 0-0-0 12. Qe2 h6 13. Be3 Nd7 14. a4 g5 15. Bc4 Ne7 16. Nd4 Bxc4 17. Qxc4 Nxe5 18. Qe2 h5 19. Nf3 f6 20. Bxa7 N7g6 21. a5 Nf4 22. Qe1 Qd6 23. Nxe5 fxe5 24. Bb6 Rdf8 25. a6 bxa6 26. Qa5 Ne2+ 27. Kh1 Nd4 28. Qxa6+ Kd7 29. Qb7+ Ke6 30. Bxd4 exd4 31. Qb3+ Ke5 32. Qg3+ Ke6 33. Qxg5 Qe5 34. Qg6+ Rf6 35. Rxf6+ Qxf6 36. Qxf6+ Kxf6 37. Ra5 Re8 38. Rxh5 Rxe4 39. Kg1 Re1+ 40. Kf2 Rc1 41. Rh6+ Kf5 42. Rxc6 d3 43. Ke3 dxc2 44. Kd2 Rg1 45. Rxc2 Rxg2+ 46. Kd3 Rg8 47. b4 Rd8+ 48. Kc3 Kg4 49. b5 1-0